00906nam a22003377a 450000500170000000800410001702000150005804100080007308200140008110000220009510000270011710000190014410000250016324500480018825000160023626000190025226000210027126000090029230000410030165000160034265000170035865000210037565000190039665000170041565000250043265000220045765000250047965000180050465000220052265000240054420241004120042.0210113b1993 us ||||| |||| 00| 0 eng d a0697150186 aING a611 B474a aBenson, Harold J. aGunstream, Stanley E.  aTalaro, Arthur aTalaro, Kathleen P.  aAnatomy and physiology: laboratory textbook a2 edición aEstados Unidas bBrowm Publishers c1993 a512 páginasbIlustraciones a color aANATOMÍA  aFISIOLOGÍA aSISTEMA NERVIOSO aSISTEMA ÓSEO aHISTOLOGÍA aSISTEMA CIRCULATORIO aSISTEMA DIGESTIVO aSISTEMA CIRCULATORIO aHEMOTOLOGÍA aSISTEMA ENDOCRINO aSISTEMA REPRODUCTOR